[Event "VI Festival A"]
[Site "Montecatini Terme ITA"]
[Date "1997.08.05"]
[Round "5"]
[White "Marchini, Massimo"]
[Black "Rago, Riccardo"]
[Result "1-0"]
[WhiteElo "2150"]
[BlackElo "2240"]
[PlyCount "55"]
[EventDate "1997.08.01"]

1.Nf3 d5 2.d4 Nf6 3.c4 e6 4.g3 Be7 5.Bg2 O-O 6.O-O c6 7.b3 Ne4 8.Bb2 Nd7 
9.Nfd2 Nxd2 10.Qxd2 f5 11.Nc3 Nf6 12.Rad1 Bd7 13.f3 Kh8 14.e4 dxe4 15.fxe4
Ng4 16.Bc1 h6 17.h3 Nf6 18.e5 Ng8 19.Qd3 Qc7 20.Qe2 Rad8 21.Bb2 Bc8 22.d5 
cxd5 23.cxd5 exd5 24.Nxd5 Bc5+ 25.Kh2 Qf7 26.Nf4 Ne7 27.e6 Qe8 28.Qe5 1-0

[Event "VI Festival A"]
[Site "Montecatini Terme ITA"]
[Date "1997.08.05"]
[Round "5"]
[White "Mariano, Elia"]
[Black "Solinas, Carlo"]
[Result "0-1"]
[WhiteElo "2145"]
[BlackElo "1844"]
[PlyCount "52"]
[EventDate "1997.08.01"]

1.d4 Nf6 2.c4 g6 3.Nc3 Bg7 4.e4 d6 5.Bd3 O-O 6.Nge2 e5 7.d5 Ng4 8.h3 Qh4 
9.O-O Nh6 10.b4 f5 11.exf5 gxf5 12.f4 e4 13.Bc2 Rf6 14.Qe1 Qh5 15.Ng3 Qh4 
16.Nge2 Qh5 17.Be3 Rg6 18.Kh1 Ng4 19.Bg1 Na6 20.a3 Bf6 21.Qd2 Bd7 22.c5 
Re8 23.c6 bxc6 24.dxc6 Bxc6 25.Ng3 e3 26.Bxe3 Qxh3+ 0-1

[Event "VI Festival A"]
[Site "Montecatini Terme ITA"]
[Date "1997.08.05"]
[Round "5"]
[White "Mariotti, Sergio"]
[Black "Zelcic, Robert"]
[Result "1/2-1/2"]
[WhiteElo "2395"]
[BlackElo "2530"]
[PlyCount "113"]
[EventDate "1997.08.01"]

1.d4 c5 2.Nf3 cxd4 3.Nxd4 d5 4.c4 e5 5.Nb5 Nf6 6.cxd5 Bc5 7.Qc2 Qa5+ 8.
N5c3 Nxd5 9.a3 Nc6 10.e3 Nxc3 11.Nxc3 O-O 12.Be2 Be6 13.O-O Rac8 14.Bd2 
Qd8 15.b4 Bb6 16.Qb2 Qg5 17.Rfc1 Rcd8 18.Na4 Bh3 19.g3 Bg4 20.Bxg4 Qxg4 
21.Nxb6 axb6 22.b5 Nb8 23.Bb4 Rfe8 24.Qb3 h5 25.Rc7 Qf3 26.h4 Rd5 27.Qc2 
Nd7 28.e4 Rd3 29.Re1 Rd4 30.Qe2 Qb3 31.Qxh5 Nf6 32.Qf5 Nxe4 33.Rxe4 g6 34.
Qg4 Qb1+ 35.Kg2 Qxe4+ 36.Qxe4 Rxe4 37.Rxb7 Re6 38.Bd2 Rd4 39.Be3 Ra4 40.
Bxb6 Rxa3 41.Be3 Rb3 42.b6 Kg7 43.g4 Rc6 44.h5 gxh5 45.gxh5 Rc8 46.Rd7 Rh8
47.h6+ Kg6 48.Re7 f6 49.Rg7+ Kh5 50.h7 f5 51.b7 f4 52.Ba7 Kh6 53.Re7 e4 
54.b8=Q Rbxb8 55.Bxb8 Rxb8 56.Rxe4 Kxh7 57.Rxf4 1/2-1/2

[Event "VI Festival A"]
[Site "Montecatini Terme ITA"]
[Date "1997.08.05"]
[Round "5"]
[White "Menoni, Vincenzo"]
[Black "Arlandi, Ennio"]
[Result "0-1"]
[WhiteElo "2270"]
[BlackElo "2470"]
[PlyCount "114"]
[EventDate "1997.08.01"]

1.e4 c6 2.d4 d5 3.e5 Bf5 4.Nf3 e6 5.Be2 Nd7 6.O-O Ne7 7.Nh4 Bg6 8.Nd2 c5 
9.c3 cxd4 10.cxd4 Nc6 11.Nxg6 hxg6 12.Nf3 Be7 13.a3 a6 14.Be3 b5 15.a4 Rb8
16.axb5 axb5 17.Qc2 Na5 18.b3 Qb6 19.Bd2 Nc6 20.Rfc1 Nxd4 21.Nxd4 Qxd4 22.
Bxb5 Rxb5 23.Ra8+ Rb8 24.Rxb8+ Nxb8 25.Qc8+ Bd8 26.Bg5 Qb6 27.Bxd8 Qxd8 
28.Qc5 Nd7 29.Qd6 Nxe5 30.Qxe5 O-O 31.Qd4 Qd6 32.b4 Rb8 33.b5 Qb6 34.Qxb6 
Rxb6 35.Rb1 Kf8 36.f4 Ke7 37.Kf2 f6 38.Ke3 e5 39.h4 Kd6 40.fxe5+ fxe5 41.
Ra1 Kc5 42.Ra7 Rxb5 43.Rc7+ Kd6 44.Rxg7 Rb3+ 45.Kf2 Rb2+ 46.Kg3 d4 47.
Rxg6+ Kd5 48.h5 d3 49.Kf3 e4+ 50.Ke3 Re2+ 51.Kf4 d2 52.Rg8 Ke6 53.Rd8 Ke7 
54.Rd5 e3 55.h6 Kf7 56.Rd7+ Kg8 57.g4 Re1 0-1

[Event "VI Festival A"]
[Site "Montecatini Terme ITA"]
[Date "1997.08.05"]
[Round "5"]
[White "Solozhenkin, Evgeniy"]
[Black "Nurkic, Sahbaz"]
[Result "1/2-1/2"]
[WhiteElo "2485"]
[BlackElo "2430"]
[PlyCount "72"]
[EventDate "1997.08.01"]

1.e4 g6 2.d4 Bg7 3.Nf3 c6 4.Nc3 Nf6 5.e5 Nd5 6.Ne4 O-O 7.c4 Nc7 8.Be2 d5 
9.exd6 exd6 10.Bg5 f6 11.Bd2 d5 12.Nc3 dxc4 13.Bxc4+ Kh8 14.O-O Bg4 15.Be3
Nd7 16.h3 Nb6 17.hxg4 Nxc4 18.Bf4 Nd5 19.Nxd5 Qxd5 20.Qc2 Rae8 21.Rfe1 Nb6
22.Bc7 Na8 23.Bg3 Nb6 24.b3 Qd7 25.g5 fxg5 26.Nxg5 Qxd4 27.Rad1 Qf6 28.Qc5
Nd5 29.Ne4 Rxe4 30.Rxe4 Nc3 31.Ree1 Nxd1 32.Rxd1 b6 33.Qd6 Qc3 34.Qe7 Qc2 
35.Rd8 Qc1+ 36.Kh2 Qh6+ 1/2-1/2

[Event "VI Festival A"]
[Site "Montecatini Terme ITA"]
[Date "1997.08.05"]
[Round "5"]
[White "Van der Werf, Mark"]
[Black "Efimov, Igor"]
[Result "0-1"]
[WhiteElo "2410"]
[BlackElo "2540"]
[PlyCount "72"]
[EventDate "1997.08.01"]

1.d4 Nf6 2.c4 e6 3.Nc3 d5 4.Nf3 Nbd7 5.Bf4 Bb4 6.e3 c5 7.a3 Bxc3+ 8.bxc3 
Qa5 9.Qb3 O-O 10.Nd2 b6 11.cxd5 exd5 12.f3 Ba6 13.Bxa6 Qxa6 14.Kf2 Rac8 
15.a4 Rc6 16.Qb5 Qc8 17.Rhb1 Nh5 18.Bg3 Re8 19.Ra2 Nxg3 20.hxg3 Nf6 21.Qe2
Qf5 22.Kg1 cxd4 23.cxd4 Qg6 24.Kf2 Nh5 25.g4 Nf6 26.a5 bxa5 27.Rxa5 Rc2 
28.Rab5 h5 29.g5 Qxg5 30.Rb8 Rcc8 31.Rxc8 Rxc8 32.Qd3 h4 33.Nf1 g6 34.Qd1 
Qf5 35.Rc1 Ne4+ 36.Kg1 Nc3 0-1

[Event "VI Festival A"]
[Site "Montecatini Terme ITA"]
[Date "1997.08.05"]
[Round "5"]
[White "Zilahi, Gabor"]
[Black "Vezzosi, Paolo"]
[Result "0-1"]
[WhiteElo "2085"]
[BlackElo "2270"]
[PlyCount "70"]
[EventDate "1997.08.01"]

1.Nf3 Nf6 2.d4 e6 3.g3 b5 4.Bg2 Bb7 5.O-O c5 6.e3 Qc7 7.b3 Nc6 8.Bb2 Rc8 
9.Nbd2 cxd4 10.Nxd4 Nxd4 11.Bxb7 Qxb7 12.exd4 Be7 13.Rb1 b4 14.Re1 O-O 15.
Nc4 Rc7 16.Qd3 Rfc8 17.Re2 Qa6 18.Ne3 Qxa2 19.c4 bxc3 20.Bc1 Qa5 21.d5 
exd5 22.Nc2 d6 23.Be3 a6 24.Bd4 Qb5 25.Qf3 Ne4 26.Qg4 g6 27.Rbe1 f5 28.Qh3
Qd3 29.Qg2 Bf8 30.g4 Rf7 31.h4 f4 32.f3 Nd2 33.Rc1 Nxf3+ 34.Kf2 Nxd4 35.
Qxd5 Qxe2+ 0-1

[Event "VI Festival A"]
[Site "Montecatini Terme ITA"]
[Date "1997.08.05"]
[Round "5"]
[White "Zucconi, Leandro"]
[Black "Schaefer, Michael"]
[Result "1-0"]
[WhiteElo "2140"]
[BlackElo "2220"]
[PlyCount "101"]
[EventDate "1997.08.01"]

1.d4 Nf6 2.Nf3 g6 3.g3 Bg7 4.Bg2 O-O 5.O-O d5 6.b3 c6 7.Bb2 a5 8.Nbd2 Nbd7
9.h3 Nb6 10.a4 Bf5 11.Ne5 Nfd7 12.e4 dxe4 13.Nxe4 Nxe5 14.dxe5 Qc7 15.f4 
Nd5 16.Qe2 Rad8 17.Rad1 Nb4 18.Kh2 Rd5 19.c3 Rxd1 20.Rxd1 Nd5 21.c4 Nb4 
22.Qd2 b5 23.axb5 cxb5 24.cxb5 Qb6 25.Bd4 Qxb5 26.Nc3 Qd3 27.Qxd3 Bxd3 28.
Bc5 Bc2 29.Ra1 Bxb3 30.Rxa5 Nd3 31.Bxe7 Re8 32.Ra7 h6 33.Nd5 Rc8 34.Rc7 
Rxc7 35.Nxc7 g5 36.Be4 Nf2 37.Bb1 gxf4 38.gxf4 Bc4 39.Kg3 Nd3 40.Ne8 Nc1 
41.Kf2 Bf8 42.Nf6+ Kg7 43.Bxf8+ Kxf8 44.Ke1 Ne2 45.f5 Kg7 46.Ne8+ Kf8 47.
Nd6 Ba6 48.Ba2 Ng3 49.Kf2 f6 50.Kxg3 fxe5 51.Bc4 1-0

[Event "VI Festival A"]
[Site "Montecatini Terme ITA"]
[Date "1997.08.06"]
[Round "6"]
[White "Bellin, Robert Cecil"]
[Black "Solozhenkin, Evgeniy"]
[Result "0-1"]
[WhiteElo "2400"]
[BlackElo "2485"]
[PlyCount "72"]
[EventDate "1997.08.01"]

1.e4 Nf6 2.e5 Nd5 3.d4 d6 4.Nf3 g6 5.Bc4 Nb6 6.Bb3 Bg7 7.Qe2 O-O 8.h3 Nc6 
9.O-O a5 10.a4 Bf5 11.Nc3 Nb4 12.Bg5 Qd7 13.Rad1 c6 14.Rfe1 Rae8 15.Ne4 
Be6 16.Bxe6 Qxe6 17.c3 N4d5 18.c4 Nb4 19.c5 dxc5 20.Nxc5 Qd5 21.e6 f6 22.
Bf4 Ra8 23.b3 Ra7 24.Nh2 Qf5 25.Qg4 N6d5 26.Qxf5 gxf5 27.g3 Nxf4 28.gxf4 
Rd8 29.Nd7 Nd5 30.Nf3 Nxf4 31.Nh4 Nxe6 32.Nb6 Kf7 33.Nxf5 Ra6 34.d5 cxd5 
35.Nxd5 Kf8 36.Re4 Rc6 0-1

[Event "VI Festival A"]
[Site "Montecatini Terme ITA"]
[Date "1997.08.06"]
[Round "6"]
[White "Belotti, Bruno"]
[Black "Aldrovandi, Antonio"]
[Result "1-0"]
[WhiteElo "2410"]
[BlackElo "2220"]
[PlyCount "48"]
[EventDate "1997.08.01"]

1.e4 c5 2.Nf3 d6 3.d4 cxd4 4.Nxd4 Nf6 5.Nc3 e6 6.g4 Nc6 7.g5 Nd7 8.Be3 Be7
9.h4 a6 10.Qh5 O-O 11.O-O-O Qc7 12.f4 b5 13.Nxc6 Qxc6 14.Bd3 Nc5 15.Bxc5 
Qxc5 16.e5 g6 17.Qf3 Ra7 18.h5 dxe5 19.hxg6 fxg6 20.Qh3 Bd8 21.Bxg6 Rg7 
22.Bxh7+ Kf7 23.Ne4 Qc7 24.Qh6 exf4 1-0

[Event "VI Festival A"]
[Site "Montecatini Terme ITA"]
[Date "1997.08.06"]
[Round "6"]
[White "Bonanzinga, Corrado"]
[Black "Vujovic, Milorad"]
[Result "0-1"]
[WhiteElo "2150"]
[BlackElo "2240"]
[PlyCount "40"]
[EventDate "1997.08.01"]

1.e4 c5 2.Nf3 d6 3.d4 cxd4 4.Nxd4 Nf6 5.Nc3 a6 6.Bc4 e6 7.O-O Nbd7 8.Bxe6 
fxe6 9.Nxe6 Qa5 10.Nd5 Nxd5 11.exd5 Kf7 12.Bg5 h6 13.Qh5+ Kg8 14.Bd8 Nf6 
15.Qg6 Qxd5 16.Nf4 Qg5 17.Bxf6 Qxf4 18.Bc3 Bf5 19.Qh5 Bxc2 20.Rae1 Qf5 0-1

[Event "VI Festival A"]
[Site "Montecatini Terme ITA"]
[Date "1997.08.06"]
[Round "6"]
[White "Farina, Saverio"]
[Black "Ragonese, Lucio Rosario"]
[Result "1-0"]
[WhiteElo "2195"]
[BlackElo "2060"]
[PlyCount "125"]
[EventDate "1997.08.01"]

1.d4 d5 2.c4 c6 3.Nc3 Nf6 4.Bg5 e6 5.e4 dxe4 6.Nxe4 Bb4+ 7.Nc3 Qa5 8.Bd2 
O-O 9.a3 Bxc3 10.Bxc3 Qc7 11.Bd3 Nbd7 12.Nf3 b6 13.O-O Bb7 14.Re1 Qf4 15.
Bd2 Qg4 16.h3 Qh5 17.Ne5 Qxd1 18.Raxd1 Rad8 19.Bg5 h6 20.Be3 Nxe5 21.dxe5 
Nd7 22.f4 f6 23.exf6 gxf6 24.f5 Ne5 25.Be2 Kf7 26.Bxh6 Rg8 27.fxe6+ Kxe6 
28.c5 Rxd1 29.Bxd1 Rg6 30.Be3 Kd7 31.Bh5 Rg7 32.Rd1+ Ke6 33.b4 bxc5 34.
Bxc5 Nc4 35.Re1+ Kf5 36.Bg4+ Kg6 37.Bxa7 Nxa3 38.Bc5 Nc4 39.Bd1 Ne5 40.
Bc2+ Kf7 41.Bb3+ Kg6 42.Re3 Rd7 43.Be6 Rd1+ 44.Kh2 Rd3 45.Rg3+ Rxg3 46.
Kxg3 Nd3 47.Bd6 Ba6 48.Kf3 Nb2 49.g3 Bb5 50.Ke4 Nc4 51.Bf4 Nb2 52.Kd4 Na4 
53.g4 Nb2 54.h4 Kg7 55.h5 Nd3 56.h6+ Kh8 57.Bd6 Nf2 58.Bf5 Be2 59.g5 Ng4 
60.gxf6 Nxh6 61.Be6 Bh5 62.Kc5 Be8 63.Bf4 1-0

[Event "VI Festival A"]
[Site "Montecatini Terme ITA"]
[Date "1997.08.06"]
[Round "6"]
[White "Horvath, Jozsef"]
[Black "Ciolac, Gheorghe"]
[Result "1-0"]
[WhiteElo "2525"]
[BlackElo "2385"]
[PlyCount "52"]
[EventDate "1997.08.01"]

1.d4 Nf6 2.c4 e6 3.Nf3 d5 4.Nc3 Be7 5.g3 O-O 6.Bg2 dxc4 7.Ne5 Nc6 8.Bxc6 
bxc6 9.Nxc6 Qe8 10.Nxe7+ Qxe7 11.Qa4 c5 12.Qxc4 cxd4 13.Qxd4 e5 14.Qh4 Rb8
15.O-O Rb4 16.e4 Qb7 17.Re1 Be6 18.Bg5 Rxb2 19.Bxf6 Qb6 20.Nd1 gxf6 21.
Nxb2 Qxb2 22.Qxf6 Bxa2 23.h4 Rb8 24.h5 Rb6 25.Qg5+ Kf8 26.Red1 Rd6 1-0

[Event "VI Festival A"]
[Site "Montecatini Terme ITA"]
[Date "1997.08.06"]
[Round "6"]
[White "Marchand, Francois"]
[Black "Gleizerov, Evgeny"]
[Result "0-1"]
[WhiteElo "2310"]
[BlackElo "2560"]
[PlyCount "80"]
[EventDate "1997.08.01"]

1.d4 e6 2.c4 f5 3.g3 Nf6 4.Bg2 c6 5.Qc2 d5 6.Nd2 Bd6 7.Nh3 O-O 8.O-O b6 9.
Nf3 Ba6 10.b3 Ne4 11.Bf4 Qe7 12.Rfd1 Nd7 13.Bxd6 Qxd6 14.Nf4 Rac8 15.Rac1 
g5 16.Nd3 c5 17.Nde5 cxd4 18.Nxd7 Qxd7 19.Rxd4 Qg7 20.Qd3 b5 21.Nd2 bxc4 
22.bxc4 Nxd2 23.Qxd2 Bxc4 24.Qe3 Kh8 25.Rd2 Rce8 26.Rb1 f4 27.Qa3 a6 28.
Rdb2 Qf6 29.Qd6 Rd8 30.Qc5 Rc8 31.Qd6 Rcd8 32.Qc5 Bb5 33.a4 Rc8 34.Qd6 
Rcd8 35.Qc5 Bxa4 36.Rb7 Bb5 37.Qa7 Ra8 38.Rxh7+ Kg8 39.Qc7 Qg6 40.Be4 dxe4
0-1

[Event "VI Festival A"]
[Site "Montecatini Terme ITA"]
[Date "1997.08.06"]
[Round "6"]
[White "Rotstein, Arkadij"]
[Black "Greenfeld, Alon"]
[Result "0-1"]
[WhiteElo "2455"]
[BlackElo "2540"]
[PlyCount "68"]
[EventDate "1997.08.01"]

1.Nf3 c5 2.g3 b6 3.e4 Bb7 4.Nc3 Nf6 5.e5 Ng4 6.Bh3 Nxe5 7.Nxe5 Bxh1 8.f3 
e6 9.Kf2 Qf6 10.Ng4 Qf5 11.Qxh1 h5 12.Kg1 Nc6 13.Nf2 Qxc2 14.f4 Rc8 15.f5 
c4 16.fxe6 fxe6 17.Qe4 Qxe4 18.Nfxe4 Nd4 19.b3 cxb3 20.Bb2 bxa2 21.Rxa2 a5
22.Na4 Nf3+ 23.Kg2 Nxd2 24.Bxg7 Nxe4 25.Bxh8 b5 26.Nb6 Rc6 27.Na8 Bd6 28.
Rxa5 Rc2+ 29.Kf3 Ng5+ 30.Ke3 Nxh3 31.Rxb5 Rc5 32.Rb7 Rc8 33.Nb6 Rb8 34.Nc4
Bc5+ 0-1

[Event "VI Festival A"]
[Site "Montecatini Terme ITA"]
[Date "1997.08.06"]
[Round "6"]
[White "Sax, Gyula"]
[Black "Colovic, Aleksandar"]
[Result "1-0"]
[WhiteElo "2570"]
[BlackElo "2360"]
[PlyCount "79"]
[EventDate "1997.08.01"]

1.e4 c5 2.Nf3 d6 3.d4 cxd4 4.Nxd4 Nf6 5.Nc3 a6 6.Be3 e5 7.Nb3 Be7 8.f3 O-O
9.Qd2 Be6 10.O-O-O Nbd7 11.g4 b5 12.Kb1 Nb6 13.Qf2 Rb8 14.Nc5 Bc8 15.Nd3 
Nc4 16.Nb4 Nxe3 17.Qxe3 Bb7 18.Qa7 Qc8 19.Nbd5 Nxd5 20.Nxd5 Bd8 21.Qe3 
Bxd5 22.Rxd5 Bb6 23.Qd2 Bc5 24.Bd3 Qc7 25.h4 Qb6 26.Be2 Rfd8 27.Rd1 b4 28.
Bxa6 Bd4 29.Qd3 Ra8 30.Bc4 Ra5 31.f4 Rxd5 32.Bxd5 Rc8 33.g5 Qa5 34.Bb3 Qc5
35.f5 Kf8 36.g6 hxg6 37.fxg6 fxg6 38.Qf3+ Ke7 39.Qf7+ Kd8 40.Ba4 1-0

[Event "VI Festival A"]
[Site "Montecatini Terme ITA"]
[Date "1997.08.06"]
[Round "6"]
[White "Scavo, Fernando"]
[Black "Mantovani, Renzo"]
[Result "0-1"]
[WhiteElo "2185"]
[BlackElo "2375"]
[PlyCount "78"]
[EventDate "1997.08.01"]

1.e4 e5 2.Nf3 d6 3.d4 Nf6 4.Nc3 Nbd7 5.Bc4 Be7 6.O-O O-O 7.Qe2 c6 8.a4 b6 
9.Rd1 Qc7 10.dxe5 dxe5 11.Nh4 Nc5 12.Nf5 Bxf5 13.exf5 Rfe8 14.Bg5 e4 15.
Qe3 Rad8 16.Bf4 Qc8 17.Qh3 a5 18.Re1 Bd6 19.Be3 Be5 20.Bxc5 bxc5 21.Rad1 
Rd4 22.b3 Qd7 23.Kf1 h6 24.Rxd4 Bxd4 25.Rd1 Re5 26.Ne2 Rxf5 27.Nxd4 cxd4 
28.c3 d3 29.Kg1 h5 30.f3 exf3 31.Rxd3 Qa7+ 32.Rd4 g6 33.gxf3 Qe7 34.Kg2 
Kg7 35.Qg3 Qe3 36.Qf2 Rg5+ 37.Kf1 Qxc3 38.f4 Rf5 39.Rd3 Qc1+ 0-1

[Event "VI Festival A"]
[Site "Montecatini Terme ITA"]
[Date "1997.08.06"]
[Round "6"]
[White "Vezzosi, Paolo"]
[Black "Mariotti, Sergio"]
[Result "1-0"]
[WhiteElo "2270"]
[BlackElo "2395"]
[PlyCount "71"]
[EventDate "1997.08.01"]

1.d4 Nf6 2.Nf3 d6 3.Nc3 Nbd7 4.e4 e5 5.Bc4 Be7 6.O-O c6 7.a4 a5 8.Re1 O-O 
9.Bg5 h6 10.Bh4 Nh5 11.Bxe7 Qxe7 12.Ne2 Nb6 13.Bb3 Bg4 14.Qd3 Qf6 15.Rad1 
Rfd8 16.Qc3 Bxf3 17.Qxf3 Qxf3 18.gxf3 g6 19.Rd2 Rd7 20.Red1 Rdd8 21.c3 Kf8
22.Kg2 Ke7 23.Rf1 Kf6 24.h4 c5 25.Rfd1 c4 26.Bc2 g5 27.hxg5+ hxg5 28.Rh1 
Kg6 29.Ng3 Nf4+ 30.Kf1 g4 31.fxg4 Kg5 32.f3 f6 33.d5 Nc8 34.Rdh2 Na7 35.
Rh6 b5 36.Kf2 1-0

[Event "VI Festival A"]
[Site "Montecatini Terme ITA"]
[Date "1997.08.06"]
[Round "6"]
[White "Zelcic, Robert"]
[Black "Rossi, Carlo"]
[Result "1-0"]
[WhiteElo "2530"]
[BlackElo "2355"]
[PlyCount "79"]
[EventDate "1997.08.01"]

1.e4 Nc6 2.d4 d5 3.Nc3 dxe4 4.d5 Ne5 5.Qd4 Ng6 6.Qxe4 a6 7.Nf3 Nf6 8.Qa4+ 
Bd7 9.Qb3 Rb8 10.Bg5 e5 11.dxe6 Bxe6 12.Bc4 Bxc4 13.Qxc4 Be7 14.O-O O-O 
15.Rad1 Qc8 16.a4 c6 17.a5 Qf5 18.Qa4 b5 19.axb6 Rxb6 20.Bc1 Rb4 21.Qxc6 
Rc8 22.Qxa6 Rcc4 23.h3 h6 24.Rd3 Kh7 25.b3 Rc5 26.Be3 Ra5 27.Qc6 Qh5 28.
Ne2 Ne4 29.Ng3 Nxg3 30.fxg3 f5 31.Nh2 Re4 32.Qc3 Bb4 33.Qb2 Be7 34.Qc1 Bf6
35.Qd2 Ra2 36.Bd4 Be7 37.Rf2 Bd6 38.Bxg7 Bc5 39.Bd4 Bd6 40.Bc3 1-0

[Event "VI Festival A"]
[Site "Montecatini Terme ITA"]
[Date "1997.08.07"]
[Round "7"]
[White "Badea, Bela"]
[Black "Sarno, Spartaco"]
[Result "1-0"]
[WhiteElo "2525"]
[BlackElo "2400"]
[PlyCount "65"]
[EventDate "1997.08.01"]

1.Nf3 Nf6 2.g3 g6 3.Bg2 Bg7 4.O-O O-O 5.d4 d5 6.Nbd2 c6 7.b3 a5 8.Bb2 a4 
9.c4 a3 10.Bc3 Ne4 11.Nxe4 dxe4 12.Ne1 f5 13.Nc2 b5 14.f3 exf3 15.Bxf3 
bxc4 16.bxc4 e5 17.dxe5 Be6 18.c5 Qc8 19.Nb4 Re8 20.Qc1 Qc7 21.Rd1 Bf7 22.
Rd6 Rxe5 23.Qf4 Qe7 24.Rad1 g5 25.Qd2 g4 26.Rd8+ Be8 27.Bxe5 Qxe5 28.Bg2 
Qxc5+ 29.Kh1 Kf7 30.Qf4 Qe5 31.Qc4+ Ke7 32.Rxe8+ Kxe8 33.Nxc6 1-0

[Event "VI Festival A"]
[Site "Montecatini Terme ITA"]
[Date "1997.08.07"]
[Round "7"]
[White "Colovic, Aleksandar"]
[Black "Farina, Saverio"]
[Result "1-0"]
[WhiteElo "2360"]
[BlackElo "2195"]
[PlyCount "97"]
[EventDate "1997.08.01"]

1.e4 e6 2.d4 d5 3.exd5 exd5 4.Nc3 c5 5.Nf3 Nc6 6.Bb5 Nf6 7.O-O Be7 8.Ne5 
Qb6 9.Be3 Qc7 10.Bf4 Qb6 11.dxc5 Qxc5 12.Nd3 Qb6 13.Bxc6+ bxc6 14.Na4 Qb5 
15.b3 Be6 16.Be3 Nd7 17.Nf4 O-O 18.c4 Qb7 19.cxd5 cxd5 20.Bd4 Bf6 21.Bxf6 
Nxf6 22.Nc5 Qb6 23.Qd4 Rab8 24.Rfd1 Rfc8 25.Rac1 Rc6 26.Ncxe6 Rxc1 27.Rxc1
fxe6 28.Qxb6 axb6 29.Nxe6 Kf7 30.Nd4 Rb7 31.f3 Nd7 32.Rc6 g6 33.a4 Ke7 34.
Re6+ Kf7 35.Rd6 Nf6 36.g4 Ke7 37.Re6+ Kf7 38.Rc6 Ke7 39.Kf2 Nd7 40.g5 Nc5 
41.h4 Kd7 42.Rf6 Ke7 43.Kg3 Kd7 44.Kg4 Ke7 45.h5 Nd3 46.Kh4 gxh5 47.Kxh5 
Rc7 48.Kh6 Ke8 49.Rxb6 1-0

[Event "VI Festival A"]
[Site "Montecatini Terme ITA"]
[Date "1997.08.07"]
[Round "7"]
[White "Everet, Alexandro"]
[Black "Belotti, Bruno"]
[Result "0-1"]
[WhiteElo "2225"]
[BlackElo "2410"]
[PlyCount "92"]
[EventDate "1997.08.01"]

1.Nf3 Nf6 2.g3 d5 3.d4 Bf5 4.Bg2 e6 5.O-O h6 6.Bf4 Be7 7.Nbd2 O-O 8.h3 c5 
9.c3 Nc6 10.Nb3 cxd4 11.Nfxd4 Be4 12.f3 Bh7 13.Be3 e5 14.Nxc6 bxc6 15.Bf2 
Qb8 16.Qc1 a5 17.Nc5 Re8 18.Re1 a4 19.e4 Ra5 20.b4 axb3 21.Nxb3 Ra4 22.Qc2
Qa8 23.Nd2 Nd7 24.Bf1 Bc5 25.Nb3 Bxf2+ 26.Kxf2 Qa7+ 27.Kg2 Ra8 28.Nc1 Nc5 
29.Bd3 f6 30.Re2 Kh8 31.Nb3 Ra3 32.Nxc5 Qxc5 33.c4 d4 34.Qd1 Bg8 35.Rc2 
R8a4 36.Qe2 Qa5 37.f4 Rc3 38.Rac1 Rca3 39.fxe5 Qxe5 40.Rf1 Bh7 41.Re1 Bg6 
42.Rd2 Kh7 43.Kh2 Rxc4 44.Bxc4 Qxg3+ 45.Kh1 Re3 46.Bd3 Qxh3+ 0-1

[Event "VI Festival A"]
[Site "Montecatini Terme ITA"]
[Date "1997.08.07"]
[Round "7"]
[White "Godena, Michele"]
[Black "Vezzosi, Paolo"]
[Result "1-0"]
[WhiteElo "2515"]
[BlackElo "2270"]
[PlyCount "129"]
[EventDate "1997.08.01"]

1.e4 e6 2.d4 d5 3.Nd2 Nf6 4.e5 Nfd7 5.Bd3 c5 6.c3 Nc6 7.Ne2 Qb6 8.Nf3 cxd4
9.cxd4 Bb4+ 10.Bd2 Bxd2+ 11.Qxd2 Qb4 12.Rc1 Nb6 13.Nc3 O-O 14.O-O f6 15.
exf6 Rxf6 16.a3 Qe7 17.Bb5 Bd7 18.Bxc6 Bxc6 19.Ne5 Nc4 20.Qe2 Nxe5 21.Qxe5
Rf5 22.Qe3 e5 23.dxe5 Qxe5 24.Qxe5 Rxe5 25.Rcd1 g5 26.Rd4 Rae8 27.f3 Kf7 
28.Kf2 Ke6 29.Rfd1 Rf8 30.R1d2 Rc8 31.h4 Rg8 32.Nd1 Rf8 33.Ne3 h5 34.hxg5 
Rxg5 35.Rh4 Rh8 36.Rd1 Rg7 37.Re1 Kf6 38.Reh1 Rgh7 39.Ke2 Kg6 40.Rd1 Rd8 
41.Kf2 Rhd7 42.Rhd4 Kf6 43.Re1 Re7 44.Re2 Kg6 45.Red2 Red7 46.Nd1 Kf6 47.
Nc3 Ke6 48.Rd1 Rh8 49.Rh4 Ke5 50.Ne2 Rdh7 51.Nd4 Bd7 52.Rdh1 Kf6 53.Ne2 
Be8 54.Nf4 Kg5 55.Ne6+ Kf5 56.Nd4+ Kg5 57.Ne6+ Kf5 58.Nd4+ Kg5 59.g3 Re7 
60.Rd1 Bc6 61.Rc1 Be8 62.Rc8 Rhh7 63.Rh1 Bd7 64.Rc5 Bc6 65.b4 1-0

[Event "VI Festival A"]
[Site "Montecatini Terme ITA"]
[Date "1997.08.07"]
[Round "7"]
[White "Lantini, Marco"]
[Black "Vaccani, Alberto"]
[Result "0-1"]
[WhiteElo "2190"]
[BlackElo "2113"]
[PlyCount "40"]
[EventDate "1997.08.01"]

1.e4 c5 2.Nf3 d6 3.d4 cxd4 4.Nxd4 Nf6 5.Nc3 a6 6.Bg5 e6 7.f4 Nbd7 8.Qf3 
Qc7 9.O-O-O b5 10.e5 Bb7 11.Qh3 dxe5 12.Nxe6 fxe6 13.Qxe6+ Be7 14.Bxb5 
axb5 15.Nxb5 Qb6 16.Nd6+ Kd8 17.Nxb7+ Kc7 18.Qxe7 Rxa2 19.b4 Qe3+ 20.Rd2 
Ra1+ 0-1

[Event "VI Festival A"]
[Site "Montecatini Terme ITA"]
[Date "1997.08.07"]
[Round "7"]
[White "Mantovani, Renzo"]
[Black "Messa, Roberto"]
[Result "1-0"]
[WhiteElo "2375"]
[BlackElo "2305"]
[PlyCount "55"]
[EventDate "1997.08.01"]

1.e4 e5 2.Nf3 Nc6 3.Bb5 a6 4.Ba4 Nf6 5.O-O b5 6.Bb3 Bc5 7.Nxe5 Nxe5 8.d4 
Bxd4 9.Qxd4 d6 10.c3 c5 11.Qe3 O-O 12.Nd2 Bb7 13.f3 Qc7 14.Re1 d5 15.exd5 
Neg4 16.d6 Qxd6 17.fxg4 c4 18.Bd1 Rae8 19.Qf2 Rxe1+ 20.Qxe1 Re8 21.Qf2 Qd3
22.Bf3 Bxf3 23.Qxf3 Re3 24.Qa8+ Re8 25.Qf3 Re3 26.Qf5 Re1+ 27.Nf1 Qd1 28.
Be3 1-0

[Event "VI Festival A"]
[Site "Montecatini Terme ITA"]
[Date "1997.08.07"]
[Round "7"]
[White "Marchini, Massimo"]
[Black "Bellin, Robert Cecil"]
[Result "0-1"]
[WhiteElo "2150"]
[BlackElo "2400"]
[PlyCount "94"]
[EventDate "1997.08.01"]

1.Nf3 e6 2.c4 f5 3.g3 Nf6 4.Bg2 Be7 5.O-O O-O 6.d4 d6 7.b3 a5 8.Bb2 Na6 9.
Nc3 c6 10.Qc2 Nb4 11.Qb1 Rb8 12.a3 Na6 13.e4 fxe4 14.Nxe4 b5 15.Ned2 bxc4 
16.bxc4 c5 17.Qc2 Bd7 18.Rfe1 cxd4 19.Bxd4 e5 20.Bc3 Nc5 21.Rab1 Ba4 22.
Rxb8 Qxb8 23.Qb1 Qa7 24.Ng5 g6 25.Rf1 Rb8 26.Qa2 Bd7 27.Nge4 Bf5 28.Re1 
Kg7 29.Kh1 Nd3 30.Rf1 Ng4 31.c5 Nxc5 32.h3 Nf6 33.Nxf6 Bxf6 34.f4 h5 35.
Qd5 Qc7 36.Kh2 Be6 37.Qf3 Rf8 38.Qe3 Rf7 39.h4 Na4 40.Ba1 Qc5 41.Qe1 Bf5 
42.Ne4 Bxe4 43.Qxe4 Nb6 44.fxe5 Bxe5 45.Bxe5+ dxe5 46.Re1 Nd7 47.Re3 Nf6 
0-1

[Event "VI Festival A"]
[Site "Montecatini Terme ITA"]
[Date "1997.08.07"]
[Round "7"]
[White "Ortega, Lexy"]
[Black "Zelcic, Robert"]
[Result "0-1"]
[WhiteElo "2470"]
[BlackElo "2530"]
[PlyCount "64"]
[EventDate "1997.08.01"]

1.Nf3 Nf6 2.c4 e6 3.Nc3 Bb4 4.Qc2 O-O 5.a3 Bxc3 6.Qxc3 d6 7.b4 e5 8.Bb2 a5
9.e3 axb4 10.axb4 Rxa1+ 11.Bxa1 Bg4 12.d3 Bxf3 13.gxf3 Nc6 14.b5 Ne7 15.d4
Nd7 16.dxe5 dxe5 17.f4 f6 18.fxe5 fxe5 19.c5 Rf6 20.Bh3 Nd5 21.Qc4 c6 22.
Bxd7 Qxd7 23.bxc6 bxc6 24.Bxe5 Re6 25.Bg3 Qe7 26.Qc2 Qf6 27.Kd2 Re8 28.Rb1
h5 29.h4 Rd8 30.Ke1 Qf3 31.Rb8 Qh1+ 32.Ke2 Nc3+ 0-1

[Event "VI Festival A"]
[Site "Montecatini Terme ITA"]
[Date "1997.08.07"]
[Round "7"]
[White "Pegoraro, Nicola"]
[Black "Steigenberger, Erich"]
[Result "1-0"]
[WhiteElo "2115"]
[BlackElo "2195"]
[PlyCount "35"]
[EventDate "1997.08.01"]

1.e4 c5 2.Nf3 Nc6 3.d4 cxd4 4.Nxd4 e5 5.Nb5 a6 6.Nd6+ Bxd6 7.Qxd6 Qf6 8.
Qc7 Nge7 9.Nc3 Nb4 10.Bd3 Qg6 11.Be3 Nxd3+ 12.cxd3 O-O 13.Qxe5 Qxg2 14.
O-O-O Nc6 15.Qf4 d6 16.Rhg1 Qh3 17.Rxg7+ Kh8 18.Rdg1 1-0

[Event "VI Festival A"]
[Site "Montecatini Terme ITA"]
[Date "1997.08.08"]
[Round "8"]
[White "Abramovic, Bosko"]
[Black "Mantovani, Renzo"]
[Result "0-1"]
[WhiteElo "2500"]
[BlackElo "2375"]
[PlyCount "70"]
[EventDate "1997.08.01"]

1.d4 Nf6 2.Nf3 e6 3.c4 c5 4.g3 cxd4 5.Nxd4 Nc6 6.Bg2 Bb4+ 7.Bd2 Qb6 8.Nb3 
a5 9.O-O a4 10.Nc1 Ne5 11.Be3 Bc5 12.Bxc5 Qxc5 13.Nd3 Qd4 14.Nxe5 Qxe5 15.
Qc2 Qc5 16.Na3 O-O 17.Rad1 Ra5 18.Rd2 b6 19.Rc1 Ba6 20.Qd1 Rc8 21.Rc3 h5 
22.Nc2 Qe5 23.f4 Qb8 24.Ne3 b5 25.cxb5 Rxc3 26.bxc3 Rxb5 27.Qxa4 Rb1+ 28.
Kf2 Bb7 29.Bf3 h4 30.g4 Bxf3 31.exf3 d5 32.Qd4 Ra1 33.c4 Qb1 34.Nd1 Rxa2 
35.cxd5 Qxd1 0-1

[Event "VI Festival A"]
[Site "Montecatini Terme ITA"]
[Date "1997.08.08"]
[Round "8"]
[White "Bellin, Robert Cecil"]
[Black "Drasko, Milan"]
[Result "1/2-1/2"]
[WhiteElo "2400"]
[BlackElo "2520"]
[PlyCount "66"]
[EventDate "1997.08.01"]

1.e4 e6 2.d4 d5 3.Nd2 Nf6 4.e5 Nfd7 5.f4 c5 6.Ngf3 Nc6 7.Nb3 a5 8.a4 Qb6 
9.Rb1 cxd4 10.Nbxd4 Bb4+ 11.c3 Bxc3+ 12.bxc3 Qxb1 13.Nb5 O-O 14.Bd3 Qa2 
15.Bxh7+ Kxh7 16.Ng5+ Kg6 17.Qd3+ f5 18.Qg3 Ndxe5 19.fxe5 f4 20.Bxf4 Qb1+ 
21.Kd2 Qa2+ 22.Ke1 Rxf4 23.Nh3+ Kh7 24.Nxf4 Qb1+ 25.Kd2 Qa2+ 26.Ke3 Qc2 
27.Nd3 Qxa4 28.Nd4 Nxd4 29.Qh4+ Kg8 30.Qd8+ Kh7 31.Qh4+ Kg8 32.Qd8+ Kh7 
33.Qh4+ Kg8 1/2-1/2